| 000 | 00617nam a2200181 a 4500 | ||
|---|---|---|---|
| 005 | 20221118063601.0 | ||
| 008 | 991125s1955 mx 000 0 spa u | ||
| 035 | _aUPN01000052494 | ||
| 049 | _aLT | ||
| 050 | 4 |
_aLB1573 M6.5 _bC3.7 |
|
| 100 | 1 |
_aCamarillo Roa de Pereyra, María Enriqueta, _d1869-1968 _928629 |
|
| 245 | 1 | 0 |
_aRosas de la infancia : _blecturas para niños : libro cuarto / _cMaría Enriqueta ; il. A. Gedovius. |
| 260 |
_aMéxico : _bPatria, _c1955. |
||
| 300 |
_a238 p. : _bil. |
||
| 500 | _a"Libro cuarto para 5o. año" | ||
| 650 | 4 |
_aLectura _xEstudio y enseñanza (Elemental) _92805 |
|
| 905 | _aLibro | ||
| 999 |
_c52494 _d52494 |
||